<?xml version="1.0" encoding="UTF-8"?>
<collection xmlns="http://www.loc.gov/MARC21/slim">
 <record>
  <leader>02195caa a2200397   4500</leader>
  <controlfield tag="001">1760123129</controlfield>
  <controlfield tag="003">DE-627</controlfield>
  <controlfield tag="005">20210820232736.0</controlfield>
  <controlfield tag="007">cr uuu---uuuuu</controlfield>
  <controlfield tag="008">210609s2016    xx |||||oo    00| ||eng c</controlfield>
  <datafield tag="024" ind1="7" ind2=" ">
   <subfield code="a">10.29411/ncaw.2016.15.3.9</subfield>
   <subfield code="2">doi</subfield>
  </datafield>
  <datafield tag="035" ind1=" " ind2=" ">
   <subfield code="a">(DE-627)1760123129</subfield>
  </datafield>
  <datafield tag="035" ind1=" " ind2=" ">
   <subfield code="a">(DE-599)KXP1760123129</subfield>
  </datafield>
  <datafield tag="035" ind1=" " ind2=" ">
   <subfield code="a">(OCoLC)1264430300</subfield>
  </datafield>
  <datafield tag="040" ind1=" " ind2=" ">
   <subfield code="a">DE-627</subfield>
   <subfield code="b">ger</subfield>
   <subfield code="c">DE-627</subfield>
   <subfield code="e">rda</subfield>
  </datafield>
  <datafield tag="041" ind1=" " ind2=" ">
   <subfield code="a">eng</subfield>
  </datafield>
  <datafield tag="084" ind1=" " ind2=" ">
   <subfield code="a">KUNST</subfield>
   <subfield code="q">DE-16</subfield>
   <subfield code="2">fid</subfield>
  </datafield>
  <datafield tag="100" ind1="1" ind2=" ">
   <subfield code="a">Acosta, Taylor J.</subfield>
   <subfield code="e">VerfasserIn</subfield>
   <subfield code="0">(DE-588)143772015</subfield>
   <subfield code="0">(DE-627)704598256</subfield>
   <subfield code="0">(DE-576)338827218</subfield>
   <subfield code="4">aut</subfield>
  </datafield>
  <datafield tag="245" ind1="1" ind2="0">
   <subfield code="a">[Rezension von: Röhrl, Boris, World history of realism in visual arts, 1830-1990, naturalism, socialist realism, social realism, magic realism, new realism, and documentary photography]</subfield>
   <subfield code="c">Taylor J. Acosta, University of Minnesota</subfield>
  </datafield>
  <datafield tag="264" ind1=" " ind2="1">
   <subfield code="c">[2016]</subfield>
  </datafield>
  <datafield tag="300" ind1=" " ind2=" ">
   <subfield code="b">Illustration</subfield>
  </datafield>
  <datafield tag="336" ind1=" " ind2=" ">
   <subfield code="a">Text</subfield>
   <subfield code="b">txt</subfield>
   <subfield code="2">rdacontent</subfield>
  </datafield>
  <datafield tag="337" ind1=" " ind2=" ">
   <subfield code="a">Computermedien</subfield>
   <subfield code="b">c</subfield>
   <subfield code="2">rdamedia</subfield>
  </datafield>
  <datafield tag="338" ind1=" " ind2=" ">
   <subfield code="a">Online-Ressource</subfield>
   <subfield code="b">cr</subfield>
   <subfield code="2">rdacarrier</subfield>
  </datafield>
  <datafield tag="500" ind1=" " ind2=" ">
   <subfield code="a">Gesehen am 09.06.2021</subfield>
  </datafield>
  <datafield tag="655" ind1=" " ind2="7">
   <subfield code="a">Rezension</subfield>
   <subfield code="0">(DE-588)4049712-4</subfield>
   <subfield code="0">(DE-627)106186019</subfield>
   <subfield code="0">(DE-576)209083166</subfield>
   <subfield code="2">gnd-content</subfield>
  </datafield>
  <datafield tag="773" ind1="0" ind2="8">
   <subfield code="i">Enthalten in</subfield>
   <subfield code="t">Nineteenth century art worldwide</subfield>
   <subfield code="d">College Park, Md. : Univ. of Maryland, 2002</subfield>
   <subfield code="g">15(2016), 3</subfield>
   <subfield code="h">Online-Ressource</subfield>
   <subfield code="w">(DE-627)363760202</subfield>
   <subfield code="w">(DE-600)2107291-7</subfield>
   <subfield code="w">(DE-576)28122398X</subfield>
   <subfield code="x">1543-1002</subfield>
   <subfield code="7">nnns</subfield>
  </datafield>
  <datafield tag="773" ind1="1" ind2="8">
   <subfield code="g">volume:15</subfield>
   <subfield code="g">year:2016</subfield>
   <subfield code="g">number:3</subfield>
  </datafield>
  <datafield tag="787" ind1="0" ind2="8">
   <subfield code="i">Rezension von</subfield>
   <subfield code="a">Röhrl, Boris, 1961 - </subfield>
   <subfield code="t">World history of realism in visual arts</subfield>
   <subfield code="d">Hildesheim : Olms, 2013</subfield>
   <subfield code="h">XI, 677 S.</subfield>
   <subfield code="w">(DE-627)736564276</subfield>
   <subfield code="w">(DE-576)380626993</subfield>
   <subfield code="z">3487148374</subfield>
   <subfield code="z">9783487148373</subfield>
  </datafield>
  <datafield tag="856" ind1="4" ind2="0">
   <subfield code="u">https://doi.org/10.29411/ncaw.2016.15.3.9</subfield>
   <subfield code="x">Verlag</subfield>
   <subfield code="x">Resolving-System</subfield>
   <subfield code="z">kostenfrei</subfield>
   <subfield code="3">Volltext</subfield>
  </datafield>
  <datafield tag="856" ind1="4" ind2="0">
   <subfield code="u">https://www.19thc-artworldwide.org/autumn16/acosta-reviews-world-history-of-realism-in-visual-arts-1830-1990</subfield>
   <subfield code="x">Verlag</subfield>
   <subfield code="z">kostenfrei</subfield>
   <subfield code="3">Volltext</subfield>
  </datafield>
  <datafield tag="951" ind1=" " ind2=" ">
   <subfield code="a">AR</subfield>
  </datafield>
  <datafield tag="994" ind1=" " ind2=" ">
   <subfield code="u">https://www.19thc-artworldwide.org/autumn16/acosta-reviews-world-history-of-realism-in-visual-arts-1830-1990</subfield>
  </datafield>
  <datafield tag="994" ind1=" " ind2=" ">
   <subfield code="u">https://www.19thc-artworldwide.org/autumn16/acosta-reviews-world-history-of-realism-in-visual-arts-1830-1990</subfield>
  </datafield>
  <datafield tag="991" ind1=" " ind2=" ">
   <subfield code="a">Rezension (Monographie, Zeitschrift, Aufsatz)</subfield>
  </datafield>
  <datafield tag="999" ind1=" " ind2=" ">
   <subfield code="a">KXP-PPN1760123129</subfield>
   <subfield code="e">4632109002</subfield>
  </datafield>
 </record>
</collection>
